000 00405nam a2200181Ia 4500
001 8351
005 20260306160603.0
008 260306t1998||||xx |||||||||||||| ||spa||
041 _aESP
082 _a370.5
_bS29
100 _aSchultz, Fred
_eAUT
245 0 _aEducation:
_b98/99
260 _c1998
300 _a261 páginas :
_c28 cm.
650 _aGEN
654 _aCED
942 _cLIB
_dJUS
_fJUS
_2ddc
_n
999 _c8351
_d8351